<?xml version="1.0" encoding="UTF-8"?>
<record
    xmlns:xsi="http://www.w3.org/2001/XMLSchema-instance"
    xsi:schemaLocation="http://www.loc.gov/MARC21/slim http://www.loc.gov/standards/marcxml/schema/MARC21slim.xsd"
    xmlns="http://www.loc.gov/MARC21/slim">

  <leader>01068cam a2200265   4500</leader>
  <controlfield tag="005">20220818131222.0</controlfield>
  <controlfield tag="008">220218b        mx ||||| |||| 00| 0 spa d</controlfield>
  <datafield tag="020" ind1=" " ind2=" ">
    <subfield code="a">9682607949</subfield>
  </datafield>
  <datafield tag="050" ind1="0" ind2="4">
    <subfield code="a">TS183</subfield>
    <subfield code="b">P75 1999</subfield>
  </datafield>
  <datafield tag="240" ind1="1" ind2="0">
    <subfield code="a">Principles of engineering manufacture.</subfield>
    <subfield code="l">Espa&#xF1;ol.</subfield>
  </datafield>
  <datafield tag="245" ind1="1" ind2="0">
    <subfield code="a">Principios de ingenier&#xED;a de manufactura </subfield>
    <subfield code="c">Stewart C. Black,... [et al.] ; revisi&#xF3;n t&#xE9;cnica Jos&#xE9; Nicol&#xE1;s Ponciano Guzm&#xE1;n, Ulises Figueroa L&#xF3;pez ; traducci&#xF3;n : Jorge Humberto Romo.</subfield>
  </datafield>
  <datafield tag="250" ind1=" " ind2=" ">
    <subfield code="a">1a ed.</subfield>
  </datafield>
  <datafield tag="260" ind1=" " ind2=" ">
    <subfield code="a">M&#xE9;xico :</subfield>
    <subfield code="b">Compa&#xF1;&#xED;a Editorial Continental,</subfield>
    <subfield code="c">1999</subfield>
  </datafield>
  <datafield tag="300" ind1=" " ind2=" ">
    <subfield code="a">xiv, 647 p. ;</subfield>
    <subfield code="b">il.,</subfield>
    <subfield code="c">25 cm.</subfield>
  </datafield>
  <datafield tag="500" ind1=" " ind2=" ">
    <subfield code="a">1a edici&#xF3;n en espa&#xF1;ol, traducido de la 4a edici&#xF3;n en ingl&#xE9;s</subfield>
  </datafield>
  <datafield tag="504" ind1=" " ind2=" ">
    <subfield code="a">Bibliograf&#xED;a : p. 627-629 e &#xED;ndice</subfield>
  </datafield>
  <datafield tag="506" ind1=" " ind2=" ">
    <subfield code="a">Fomes</subfield>
  </datafield>
  <datafield tag="650" ind1=" " ind2="7">
    <subfield code="2">lemb</subfield>
    <subfield code="a">Procesos de manufactura</subfield>
  </datafield>
  <datafield tag="650" ind1=" " ind2="7">
    <subfield code="2">lemb</subfield>
    <subfield code="a">Ingenier&#xED;a de la producci&#xF3;n</subfield>
  </datafield>
  <datafield tag="700" ind1="1" ind2=" ">
    <subfield code="a">Black, Stewart C., </subfield>
    <subfield code="e">autor</subfield>
  </datafield>
  <datafield tag="700" ind1="1" ind2=" ">
    <subfield code="a">Chiles, Vic, </subfield>
    <subfield code="e">autor</subfield>
  </datafield>
  <datafield tag="700" ind1="1" ind2=" ">
    <subfield code="a">Ponciano Guzm&#xE1;n, Jos&#xE9; Nicol&#xE1;s, </subfield>
    <subfield code="e">revisor</subfield>
  </datafield>
  <datafield tag="700" ind1="1" ind2=" ">
    <subfield code="a">Romo, Jorge Humberto,</subfield>
    <subfield code="e">traductor</subfield>
  </datafield>
  <datafield tag="942" ind1=" " ind2=" ">
    <subfield code="2">lcc</subfield>
    <subfield code="c">LIB</subfield>
  </datafield>
  <datafield tag="999" ind1=" " ind2=" ">
    <subfield code="c">101105</subfield>
    <subfield code="d">101105</subfield>
  </datafield>
  <datafield tag="952" ind1=" " ind2=" ">
    <subfield code="1">0</subfield>
    <subfield code="2">lcc</subfield>
    <subfield code="4">0</subfield>
    <subfield code="7">0</subfield>
    <subfield code="a">UCIH</subfield>
    <subfield code="b">UCIH</subfield>
    <subfield code="c">GENERAL</subfield>
    <subfield code="d">2022-02-23</subfield>
    <subfield code="f">1a ed.</subfield>
    <subfield code="k">IT</subfield>
    <subfield code="l">0</subfield>
    <subfield code="o">TS183 P75 1999</subfield>
    <subfield code="p">BCU000010355</subfield>
    <subfield code="r">2022-02-23 00:00:00</subfield>
    <subfield code="t">1</subfield>
    <subfield code="v">1.00</subfield>
    <subfield code="y">LIB</subfield>
  </datafield>
  <datafield tag="952" ind1=" " ind2=" ">
    <subfield code="1">0</subfield>
    <subfield code="2">lcc</subfield>
    <subfield code="4">0</subfield>
    <subfield code="7">0</subfield>
    <subfield code="a">UCIH</subfield>
    <subfield code="b">UCIH</subfield>
    <subfield code="c">GENERAL</subfield>
    <subfield code="d">2022-02-23</subfield>
    <subfield code="f">1a ed.</subfield>
    <subfield code="k">IT</subfield>
    <subfield code="l">0</subfield>
    <subfield code="o">TS183 P75 1999</subfield>
    <subfield code="p">BCU000010356</subfield>
    <subfield code="r">2022-02-23 00:00:00</subfield>
    <subfield code="t">2</subfield>
    <subfield code="v">1.00</subfield>
    <subfield code="y">LIB</subfield>
  </datafield>
  <datafield tag="952" ind1=" " ind2=" ">
    <subfield code="1">0</subfield>
    <subfield code="2">lcc</subfield>
    <subfield code="4">0</subfield>
    <subfield code="7">0</subfield>
    <subfield code="a">INV-015</subfield>
    <subfield code="b">INV-015</subfield>
    <subfield code="c">GENERAL</subfield>
    <subfield code="d">2022-08-18</subfield>
    <subfield code="e">DON</subfield>
    <subfield code="f">1a ed.</subfield>
    <subfield code="k">IT</subfield>
    <subfield code="l">1</subfield>
    <subfield code="o">TS183 P75 1999</subfield>
    <subfield code="p">BIIM000000495</subfield>
    <subfield code="r">2023-11-29 00:00:00</subfield>
    <subfield code="s">2023-11-24</subfield>
    <subfield code="t">1</subfield>
    <subfield code="v">1.00</subfield>
    <subfield code="y">LIB</subfield>
  </datafield>
</record>
